Acquiring the Knowledge and Important Vocabulary in the Area of Management in a Business English Course

Pohľad na znalosti, ktoré by mali preukázať vysokoškolskí študenti v oblasti riadenia malých podnikov.

Gespeichert in:
Bibliographische Detailangaben
1. Verfasser: Hrdličková, Zuzana
Format: Buchkapitel
Sprache:Englisch
Schlagworte:
Tags: Tag hinzufügen
Keine Tags, Fügen Sie das erste Tag hinzu!

MARC

LEADER 00000naa a2200000 4500
001 0257365
005 20240502074101.7
041 0 |a eng 
044 |a SK 
245 1 0 |a Acquiring the Knowledge and Important Vocabulary in the Area of Management in a Business English Course  |c Zuzana Hrdličková 
520 |a Pohľad na znalosti, ktoré by mali preukázať vysokoškolskí študenti v oblasti riadenia malých podnikov. 
610 2 0 |a jazyky cudzie 
610 2 0 |a angličtina 
610 2 0 |a spoločnosti obchodné 
610 2 0 |a administratíva 
610 2 0 |a zásoba slovná 
610 2 0 |a manažment 
100 1 |a Hrdličková, Zuzana